00466nam a2200181Ia 450000500170000000800410001704000190005804100120007708200180008910000180010724500420012525000120016726000420017930000110022150400190023265000220025185000110027320240423135425.0131103s9999 xx 000 0 und d aLoreto College aEnglish a370.954 bSIQ aSiqueira,T.N. aModern Indian EducationcT.N.Siqueira a2nd ed. aLondonbOxford University Pressc1967 a304p.  aIncludes index aEducation - India aLCBED